Central Library OPAC University of Rajshahi

Drug store accounting / (Record no. 15298)

MARC details
000 -LEADER
fixed length control field 00920cam a22002891 4500
001 - CONTROL NUMBER
control field 15298
003 - CONTROL NUMBER IDENTIFIER
rucl marc code BD-RjUL
005 - DATE AND TIME OF LATEST TRANSACTION
control field 20211208235805.0
008 - FIXED-LENGTH DATA ELEMENTS--GENERAL INFORMATION
fixed length control field 140209s1943 nyua 001 0 eng
035 ## - SYSTEM CONTROL NUMBER
System control number (BD-RjUL)15352
System control number (OCoLC)1665815
040 ## - CATALOGING SOURCE
Original cataloging agency DLC
Transcribing agency FM
Modifying agency BD-RjUL
Language of cataloging eng
041 ## - LANGUAGE CODE
Language code of text/sound track or separate title eng
082 ## - DEWEY DECIMAL CLASSIFICATION NUMBER
Classification number 658.916154
Author mark and year HED 1943
100 1# - MAIN ENTRY--PERSONAL NAME
Personal name Heckert, J. Brooks
Fuller form of name (Josiah Brooks),
Dates associated with a name 1893-
9 (RLIN) 47549
245 10 - TITLE STATEMENT
Title Drug store accounting /
Statement of responsibility, etc. J. Brooks Heckert , William E. Dickerson
250 ## - EDITION STATEMENT
Edition statement 1st ed.
260 ## - PUBLICATION, DISTRIBUTION, ETC. (IMPRINT)
Place of publication, distribution, etc. New York ; London :
Name of publisher, distributor, etc. McGraw-Hill Book Company, inc.,
Date of publication, distribution, etc. c1943.
300 ## - PHYSICAL DESCRIPTION
Pagination x, 415 p. :
Size 24 cm.
Illustrations illus. ;
504 ## - BIBLIOGRAPHY, ETC. NOTE
Bibliography, etc Include index.
650 #0 - SUBJECT ADDED ENTRY--TOPICAL TERM
Topical term or geographic name as entry element Pharmaceutical industry
General subdivision Accounting.
9 (RLIN) 47550
Topical term or geographic name as entry element Retail trade
General subdivision Accounting.
9 (RLIN) 47551
700 1# - ADDED ENTRY--PERSONAL NAME
Personal name Dickerson, William Eugene
Dates associated with a name 1897-
Relator term joint author.
942 ## - ADDED ENTRY ELEMENTS (KOHA)
Source of classification or shelving scheme Dewey Decimal Classification
Koha item type Books
Holdings
Lost status Source of classification or shelving scheme Damaged status Not for loan Collection code Permanent Location Current Location Shelving location Date acquired Source of acquisition Cost, normal purchase price Total Checkouts Full call number Date last seen Copy number Koha item type
  Dewey Decimal Classification   Not For Loan Non-fiction Central Library, University of Rajshahi Central Library, University of Rajshahi Reading Room 29/07/2064 Zeitlinger 70.00   658.916154 HED 1943 09/02/2014 C-1 Books